[Event "GER-ch Youth U14 2020"]
[Site "Willingen"]
[Date "2020.10.20"]
[Round "1.22"]
[White "Englert, Luca"]
[Black "Tham, Nam"]
[Result "0-1"]
[WhiteElo "1530"]
[BlackElo "1890"]
[Annotator "NA RC"]
[PlyCount "76"]
[EventDate "2020.10.20"]
[EventType "swiss"]
[EventRounds "7"]
[EventCountry "GER"]
[SourceTitle "playchess.com"]
[Source "ChessBase"]
[SourceQuality "1"]
[TimeControl "40/5400+30:1800+30"]

{[%evp 16,74,-44,-62,-64,32767,12,0,48,45,30,28,32767,32767,102,120,109,151,128,158,114,81,72,0,0,0,117,106,90,103,90,96,103,98,96,106,108,115,112,89,73,0,32767,-6,0,32767,32,32767,33,0,32767,5,32767,32767,32767,32767,-29986,-29985,-29986,-29998,-29999]} 1. e4 {[%emt 0:00:00]} e5 {[%emt 0:00:00]} 2. Nc3 {[%emt 0:00:00]} Nf6 {[%emt 0:00:00]} 3. f4 {[%emt 0:00:00]} d5 {[%emt 0:00:14]} 4. fxe5 {[%emt 0:00:00]} Nxe4 {[%emt 0:00:08]} 5. Nf3 {[%emt 0:00:00]} Bc5 {[%emt 0:00:54]} 6. d4 {[%emt 0:00:00]} Bb4 {[%emt 0:00:04]} 7. Bd2 {[%emt 0:00:03]} c5 {[%emt 0:00:26]} 8. a3 {[%emt 0:01:09] C29: Vienna Game: 2...Nf6 3 f4.} Bxc3 {[%emt 0:06:05]} 9. bxc3 {[%emt 0:00:09]} Bg4 {[%emt 0:03:56]} 10. Be2 {[%emt 0:01:52] [#]} Bxf3 $146 {[%emt 0:02:24]} ({Black should try Predecessor:} 10... Nc6 $17 11. O-O O-O 12. Rb1 Qd7 13. Be1 b6 14. h3 Bh5 15. g4 Bg6 16. Nh4 Rae8 {0-1 (42) Morales Pecino,B (2304)-Belka,W (2449) ICCF email 2012}) 11. Bxf3 {[%emt 0:00:10]} cxd4 {[%emt 0:02:15]} 12. cxd4 {[%emt 0:00:28]} Nc6 {[%emt 0:01:41]} 13. c3 {[%emt 0:01:30]} O-O {[%emt 0:01:45]} 14. O-O {[%emt 0:00:35]} f6 {[%emt 0:03:30]} (14... f5 $14) 15. Bxe4 $1 {[%emt 0:01:21]} dxe4 {[%emt 0:00:13]} 16. Qb3+ {[%emt 0:00:06]} Kh8 {[%emt 0:00:59]} 17. exf6 {[%emt 0:02:01]} Rxf6 {[%emt 0:02:19]} 18. Rfe1 {[%emt 0:00:50]} ({White should play} 18. Rxf6 Qxf6 19. Rf1 (19. Qxb7 Rf8 $16)) 18... Na5 {[%emt 0:04:25]} 19. Qb4 {[%emt 0:01:41]} (19. Qc2 $16 Re6 20. Rxe4 Rxe4 21. Qxe4) 19... Qd5 {[%emt 0:02:30]} 20. Rf1 {[%emt 0:08:11]} Nb3 {[%emt 0:13:18]} (20... Re8 $11) 21. Rxf6 {[%emt 0:02:06]} gxf6 {[%emt 0:00:09] [#]} 22. Bh6 $3 {[%emt 0:04:15]} Qh5 {[%emt 0:08:46]} (22... Nxa1 $2 {loses.} 23. Qe7 $18) 23. Qxb7 {[%emt 0:01:43]} Rg8 {[%emt 0:01:06]} 24. Qxb3 {[%emt 0:00:45]} Qxh6 {[%emt 0:00:08]} 25. Qc2 {[%emt 0:04:42]} f5 {[%emt 0:04:18]} 26. Re1 {[%emt 0:01:00]} Qg5 {[%emt 0:03:11]} 27. g3 {[%emt 0:01:59]} h5 {[%emt 0:02:09]} 28. Kf1 {[%emt 0:04:14]} (28. Qc1 $14) 28... h4 {[%emt 0:03:54]} 29. Qg2 {[%emt 0:00:48]} Qg4 {[%emt 0:02:12]} 30. d5 {[%emt 0:02:02]} Rd8 {[%emt 0:04:34]} 31. c4 {[%emt 0:00:53]} e3 {[%emt 0:01:46]} 32. Qe2 {[%emt 0:02:15]} Qh3+ {[%emt 0:04:17]} 33. Kg1 {[%emt 0:03:47]} hxg3 {[%emt 0:00:56]} 34. hxg3 {[%emt 0:00:26]} Qxg3+ {[%emt 0:03:47]} 35. Kh1 {[%emt 0:00:05]} Rd7 {[%emt 0:01:10]} 36. Qb2+ {[%emt 0:01:00] [#]} Rg7 $1 {[%emt 0:00:53]} 37. Rb1 {[%emt 0:01:56]} Qf3+ {[%emt 0:00:13]} 38. Kh2 {[%emt 0:01:29]} Qh5# {[%emt 0:00:08]} 0-1

[Event "GER-ch Youth U14 2020"]
[Site "Willingen"]
[Date "2020.10.21"]
[Round "2.1"]
[White "Hecht, Jonas Christian"]
[Black "Eilenberg, Jonas"]
[Result "1/2-1/2"]
[WhiteElo "1764"]
[BlackElo "2242"]
[Annotator "TA"]
[PlyCount "46"]
[EventDate "2020.10.20"]
[EventType "swiss"]
[EventRounds "7"]
[EventCountry "GER"]
[SourceTitle "playchess.com"]
[Source "ChessBase"]
[SourceQuality "1"]

{[%evp 12,46,0,0,0,0,128,107,120,108,121,125,197,203,229,220,230,201,175,161,171,183,194,196,214,202,237,229,246,247,281,177,175,158,227,216,352]} 1. e4 e6 2. d4 d5 3. e5 c5 4. c3 Nc6 5. Nf3 Qb6 6. Be2 f6 7. O-O fxe5 {C02: French: Advance Variation.} 8. dxe5 g6 {[#]} (8... Nh6 $11) 9. c4 $146 ({Predecessor:} 9. Re1 Bg7 10. Bd3 Nge7 11. Nbd2 O-O 12. Bc2 Qc7 13. Qe2 Bd7 14. Nb3 b6 15. a4 {0-1 (29) Adelhardt,L (1418)-Kiesel,L (1732) Braunschweig 2019}) 9... d4 {[#]White is better.} 10. Nbd2 $1 {[%cal Bb1d2,Bd2e4,Be4d6][%mdl 32]} Bg7 11. b4 cxb4 (11... Nge7 $16) 12. Ne4 $18 Nxe5 13. c5 ({But not} 13. Nxd4 $6 Nf6 $16) 13... Qc7 14. Nd6+ Kf8 {Hoping for ...d3.} 15. Qa4 {[%csl Gd6][%cal Ra4e8]} Bd7 16. Qxb4 {[%mdl 64] Double Attack} Nc6 17. Qd2 {[%mdl 1024] White has strong compensation.} Bf6 18. Rb1 Rb8 19. Ng5 h6 20. Nge4 Kg7 21. Nxf6 Nxf6 {White is clearly better.} 22. Qf4 {Strongly threatening Nf5+!} e5 {[#]} (22... Qd8 $16 23. Qg3 (23. Rxb7 Rxb7 24. Nxb7 Qe7 $14) 23... Nd5) 23. Qg3 $1 {And now f4 would win.} Qa5 {[%mdl 32768] Black got outplayed after the opening. Av CentiPawn Loss W=-13/B=-33. Weighted=-13/-34. An unexpected result.} (23... Qd8 {was called for.} 24. f4 Qe7) 1/2-1/2

[Event "GER-ch Youth U14 2020"]
[Site "Willingen"]
[Date "2020.10.21"]
[Round "2.2"]
[White "Costa, Leonardo"]
[Black "Bungarten, Jona"]
[Result "1/2-1/2"]
[WhiteElo "2165"]
[BlackElo "1834"]
[Annotator "TA"]
[PlyCount "111"]
[EventDate "2020.10.20"]
[EventType "swiss"]
[EventRounds "7"]
[EventCountry "GER"]
[SourceTitle "playchess.com"]
[Source "ChessBase"]
[SourceQuality "1"]

{[%evp 10,111,47,22,38,1,81,69,81,71,133,103,121,133,263,252,231,213,141,133,132,54,45,29,29,37,29,-9,-12,-11,20,16,25,0,0,-20,-14,-10,-5,-6,-5,-5,-4,-4,-6,-9,0,0,0,0,0,0,0,0,8,-8,0,0,0,0,0,0,0,0,0,0,0,0,0,0,0,0,0,0,0,0,0,0,0,0,0,0,0,0,0,-22,0,0,0,0,0,0,0,-175,-176,-164,-154,-129,-69,-108,0,0,0,-81]} 1. e4 e5 2. Nf3 Nc6 3. Bc4 Nf6 4. d3 h6 5. c3 d6 6. O-O g5 $1 {[%mdl 4] is recently more successful than 6...g6. C55: Two Knights: 4 d3, 4 d4 exd4 5 e5 and Max Lange Attack.} 7. Be3 {[#]} Rg8 $146 (7... Bg7 $11 {keeps the balance.}) ({Predecessor:} 7... Bg7 8. Nbd2 O-O 9. d4 Qe7 10. Qc2 Kh8 11. dxe5 dxe5 12. b4 b6 13. a4 a5 14. b5 {0-1 (30) Saduakassova,D (2474)-Stefanova,A (2490) Khanty-Mansiysk 2018}) 8. Nbd2 $16 g4 {White is slightly better.} 9. Ne1 Nh5 (9... Be6 $142) 10. d4 Nf4 11. Nd3 Qf6 {[#]} (11... Nxd3 $16 12. Bxd3 exd4 13. cxd4 Bg7) 12. Bxf4 $1 $18 exf4 13. e5 Qf5 14. Qe2 f3 15. Qe4 (15. Qe3 $16) 15... dxe5 $14 16. Bb5 Qxe4 $1 17. Nxe4 {Threatens to win with Nf6+.} Bg7 18. Nxe5 Bxe5 19. dxe5 Rg6 20. Nf6+ Kf8 $1 21. Bxc6 (21. Rfe1 {feels hotter.} Be6 22. Bxc6 bxc6 23. Re4 Ke7 24. Ra4) 21... bxc6 22. c4 (22. Rfe1 {with more complications.} Ke7 23. Re4 Rg5 24. Rae1 Be6 25. b3) 22... Be6 23. b3 Ke7 24. Ne4 Bf5 25. Nc5 Rd8 26. Rad1 Rgg8 27. Nb7 Rd7 28. Rxd7+ Bxd7 $11 {[%mdl 4096] Endgame KRB-KRN} 29. Nc5 Bf5 30. Rd1 h5 31. Kf1 h4 32. Rd4 fxg2+ 33. Kxg2 Rg5 34. Rd2 Be6 35. Re2 Rf5 36. Re4 Rg5 37. Re3 Rf5 38. Re4 Rg5 39. a3 Bf5 40. Re3 Be6 41. Kf1 Rf5 42. Ke2 Rf4 43. Na6 Bf5 44. Nc5 Rd4 45. Rc3 Rf4 46. Na6 Bc8 47. Nb4 Bd7 48. Re3 Rd4 49. a4 a5 50. Na6 Bf5 51. Nxc7 $2 {[#]} (51. Nc5 $11 {and White is okay.}) 51... Be4 $1 $19 52. Na6 Bf3+ $1 {[%mdl 1024] Black has strong compensation.} 53. Kf1 Rd1+ 54. Re1 {[#] Threatening Rxd1.} Bg2+ $1 {[%mdl 512]} 55. Ke2 (55. Kxg2 Rxe1) 55... Bf3+ 56. Kf1 $1 {Quite a comeback for White. Av CentiPawn Loss W=-13/B=-5. Weighted=-11/-6} 1/2-1/2

[Event "GER-ch Youth U14 2020"]
[Site "Willingen"]
[Date "2020.10.21"]
[Round "2.3"]
[White "Schubert, Nikita"]
[Black "Hommer, Jeremy"]
[Result "1/2-1/2"]
[WhiteElo "1946"]
[BlackElo "2246"]
[Annotator "TA"]
[PlyCount "47"]
[EventDate "2020.10.20"]
[EventType "swiss"]
[EventRounds "7"]
[EventCountry "GER"]
[SourceTitle "playchess.com"]
[Source "ChessBase"]
[SourceQuality "1"]

{[%evp 19,47,-4,0,0,0,-33,0,-10,0,0,0,0,0,0,0,0,0,-8,19,11,11,13,13,13,15,20,20,25,22,17]} 1. d4 Nf6 2. c4 e6 3. g3 d5 4. Nf3 Be7 5. Bg2 O-O 6. O-O b6 7. Ne5 Bb7 8. Nc3 Nbd7 9. Qa4 c6 10. Nxd7 Qxd7 11. Rd1 {E18: Queen's Indian: Old Main Line (4 g3 Bb7 5 Bg2 Be7 6 0-0 0-0 7 Nc3).} Rfd8 {[#]} 12. e4 $146 ({Predecessor:} 12. Bf4 Nh5 13. Be3 h6 14. Rac1 Nf6 15. h3 Bd6 16. a3 Bc7 17. Rc2 a5 18. Bc1 Ba6 19. cxd5 exd5 {0-1 (79) Li,Y (2434)-Pranav,V (2284) Moscow 2018}) 12... dxe4 (12... dxc4 {is interesting.} 13. Qxc4 b5 14. Qb3 b4 15. e5 bxc3 16. exf6 cxb2 17. Bxb2 Bxf6 18. Rab1 Ba6) 13. Nxe4 c5 (13... Nxe4 {keeps more tension.} 14. Bxe4 f5 15. Bg2 c5 16. Qxd7 Rxd7 17. Bxb7 Rxb7 18. Be3 cxd4 19. Rxd4 Rc7) 14. Nxf6+ Bxf6 15. Qxd7 Rxd7 16. Bxb7 Rxb7 17. Be3 Rc8 18. b3 Rbb8 19. Rd2 Rd8 {[%cal Rc5d4]} 20. Rad1 cxd4 21. Bxd4 Be7 22. Bc3 Rxd2 23. Rxd2 Rd8 24. Rxd8+ {A rather calm draw. Av CentiPawn Loss W=-3/B=-5. Weighted=-4/-7} 1/2-1/2

[Event "GER-ch Youth U14 2020"]
[Site "Willingen"]
[Date "2020.10.21"]
[Round "2.4"]
[White "Haack, Kevin"]
[Black "Albert, Markus"]
[Result "0-1"]
[WhiteElo "2209"]
[BlackElo "1727"]
[Annotator "TA"]
[PlyCount "126"]
[EventDate "2020.10.20"]
[EventType "swiss"]
[EventRounds "7"]
[EventCountry "GER"]
[SourceTitle "playchess.com"]
[Source "ChessBase"]
[SourceQuality "1"]

{[%evp 9,126,21,31,28,31,30,62,41,80,27,33,31,27,25,30,0,39,27,31,26,59,27,21,-31,25,-87,16,-57,6,-52,-15,-18,35,0,0,-5,-3,-54,0,-23,11,0,62,62,78,51,81,14,21,15,8,10,7,1,56,41,53,16,42,50,49,14,112,89,131,158,154,43,56,45,36,36,33,13,5,0,0,0,35,0,-7,-27,19,0,83,-26,-6,-193,-189,-547,-540,-575,-574,-900,-892,-29984,-29985,-29985,-29986,-29986,-29987,-29987,0,-2812,-2413,-2401,-833,-29985,-29984,-29988,-29970,-5404,-7900,-5310,-5306,-29968,-4845,-4827,-4818]} 1. c4 e5 2. g3 Nc6 3. Bg2 Bc5 4. Nc3 d6 5. e3 a6 6. Nf3 {A25: English Opening vs King's Indian with ...Nc6 but without early d3.} Ba7 7. d4 Bd7 {[#]} 8. O-O $146 {White is slightly better.} ({Predecessor:} 8. b3 f5 9. O-O Nf6 10. Bb2 e4 11. Ne1 O-O 12. f3 exf3 13. Qxf3 Qe7 14. Nd3 {0-1 (38) Stewart,A (2176)-Lagarde,M (2609) Porticcio 2018}) 8... Nge7 9. a3 (9. dxe5 $16 dxe5 10. b4 $1 {[%mdl 512]}) 9... O-O 10. b4 exd4 11. Nxd4 Rb8 12. Bb2 Re8 13. Nce2 Ne5 14. Qc2 N7g6 15. Rad1 Qc8 16. Qc3 (16. c5 $11) 16... f6 (16... c5 $15 17. bxc5 Qxc5) 17. Bc1 (17. Nf4 $11) 17... Ne7 (17... c5 $17 18. Nf3 cxb4 19. axb4 Bg4) 18. e4 (18. c5 $11) 18... N7c6 (18... c5 $15 19. Nf3 cxb4 20. axb4 Nxc4) 19. Kh1 (19. Be3 $11) 19... Bg4 {Threatens to win with ...Nxd4.} 20. f3 Bd7 (20... Nxd4 $11 21. Nxd4 c5 22. bxc5 dxc5) 21. Be3 {aiming for Nxc6.} Nxd4 22. Nxd4 c5 23. Nc2 (23. bxc5 $11 dxc5 24. Nf5) 23... Nf7 ({Better is} 23... Be6 $15) 24. Rb1 Qc7 25. Rfd1 Red8 (25... b5 $11) 26. b5 $14 axb5 27. cxb5 Be6 {[#]} 28. Nb4 ({White should play} 28. Nd4 $1 $16 {[%mdl 512]} Bd7 (28... cxd4 29. Qxc7) 29. Ne2) 28... Qa5 $11 {[%mdl 64] Pin} 29. Nd5 Qxc3 30. Nxc3 Bb6 $1 31. Nd5 Ba5 (31... Bxd5 $11 32. Rxd5 Ra8) 32. Bf1 $36 {[%mdl 2048] White is more active.} Ne5 33. f4 Ng4 {...Bxd5 is the strong threat.} 34. Bg1 f5 35. exf5 Bf7 (35... Bxd5+ $1 $11 {keeps the balance.} 36. Rxd5 Nf6) 36. Bc4 Re8 37. h3 Re4 38. Ne7+ ({Don't take} 38. hxg4 Rxc4 39. f6 Bxd5+ 40. Rxd5 gxf6 $16) ({White should try} 38. Rbc1 $16 Nh6 39. g4) 38... Rxe7 39. Bxf7+ Kxf7 40. hxg4 Rd8 41. Bf2 (41. b6 $5 {[%cal Rg1c5]}) 41... Re2 42. Kg1 Ra2 43. b6 Ke7 44. Rb3 {Black must now prevent Bxc5!} c4 45. Re3+ Kd7 46. Re4 Rc8 (46... c3 $1 $11 47. Rc1 Kc6) 47. Re6 (47. g5 $1 $16) 47... Rd2 48. Rc1 $2 (48. Rxd2 $1 $11 {and White is okay.} Bxd2 49. Bd4) 48... c3 $1 $19 {[%cal Rc3c2][%mdl 1024] Hoping for ...c2. Black has strong compensation.} 49. Ree1 $2 (49. Be3) 49... c2 50. Rf1 Re2 51. Bd4 Bd2 52. Bxg7 Be3+ 53. Kh1 Bxc1 54. Rxc1 {[%mdl 4096] Endgame KRR-KRB} Rce8 55. Bc3 {[#]} Rc8 $2 (55... R8e3 $1 {[%mdl 512] mates} 56. Bb2 Rd3 57. Rf1 Rdd2 58. Rf2 Rxf2 59. Kg1 d5 60. g5 Rfe2 61. Kf1 d4 62. Bc1 {[#]} d3 $1 {[%mdl 512]} 63. Bxd2 Rxd2 64. g6 c1=Q#) 56. Bb2 $2 {[%mdl 8192]} (56. Bg7 $11 Rce8 57. Rg1) 56... Rd2 57. Kg1 {[#]} Rc3 $1 {[%mdl 512]} 58. f6 (58. Bxc3 Rd1+) 58... Rxg3+ 59. Kh1 Rd1+ 60. Kh2 Rxc1 61. Bxc1 Rd3 62. f5 Rd1 (62... Ke8 $142 63. g5 Kf7 64. Bf4 Rf3 65. Bc1 Rf1 66. Be3 c1=Q 67. Bxc1 Rxc1 68. Kg2 Re1 69. Kh2 Rc1 70. g6+ hxg6 71. a4 gxf5 72. a5 Ra1 73. Kg3 Rxa5 74. Kf4 Kxf6 75. Kf3 Re5 76. Kg3 d5 77. Kf2 d4 78. Kf3 d3 79. Kf2 d2 80. Kf3 d1=Q+ 81. Kg3 Qg4+ 82. Kh2 Re2+ 83. Kh1 Qg2#) 63. Bg5 Ke8 {Black used his chance. Av CentiPawn Loss W=371/B=-34. Weighted=46/-33} 0-1

[Event "GER-ch Youth U14 2020"]
[Site "Willingen"]
[Date "2020.10.21"]
[Round "2.5"]
[White "Tham, Nam"]
[Black "Bakiev, Diyor"]
[Result "0-1"]
[WhiteElo "1890"]
[BlackElo "2070"]
[Annotator "TA"]
[PlyCount "56"]
[EventDate "2020.10.20"]
[EventType "swiss"]
[EventRounds "7"]
[EventCountry "GER"]
[SourceTitle "playchess.com"]
[Source "ChessBase"]
[SourceQuality "1"]

{[%evp 17,56,33,38,39,52,38,45,0,51,52,58,52,48,41,49,41,52,46,62,0,5,6,8,-22,-21,-35,-35,-72,-62,-120,-68,-79,-60,-74,-69,-122,-118,-237,-250,-1039,-1016]} 1. e4 Nf6 2. e5 Nd5 3. d4 d6 4. c4 Nb6 5. exd6 cxd6 6. Nc3 g6 7. Be3 Bg7 8. Rc1 O-O 9. b3 Bf5 10. Be2 {is now more promising than 10.Nf3. B03: Alekhine's Defence: Four Pawns Attack.} d5 11. c5 Nc8 12. Bf3 {White is slightly better.} e6 ({Better is} 12... e5 $1 $11) 13. g4 $14 Be4 $1 14. Nxe4 dxe4 15. Bxe4 Nc6 16. Ne2 N8e7 17. O-O {[#]} Nd5 $146 ({Predecessor:} 17... Qd7 18. Bg2 Rad8 19. h3 Qc7 20. Qd2 Rd7 21. Rfd1 Rfd8 22. b4 a6 23. a4 e5 {1-0 (34) Corrales Jimenez,F (2559)-Zhao,J (2610) chess.com INT 2019}) 18. Bxd5 (18. Qd2 $14) 18... Qxd5 $11 19. Nc3 Qd7 {[%cal Rc6d4]} 20. d5 exd5 21. Nxd5 {Threatens to win with Nf6+!} Rad8 {[%cal Ba8d8,Bd8d4,Bd4g4,Bg4g5][%mdl 32]} 22. Nf4 {[#]} Qc8 $1 $36 {[%mdl 2048] Black is pushing.} 23. Qe2 (23. Qf3 $1 $15) 23... Nd4 (23... Rfe8 $17 {And now ...Nd4 would win.} 24. Rc4 Ne5) 24. Bxd4 $1 $15 Rxd4 25. Ng2 Rxg4 26. Rfd1 (26. f4 $15) 26... Rg5 $17 27. Qe7 (27. h4 $17 Rxc5 28. Rxc5 Qxc5 29. Qf3) 27... Bh6 $19 28. Rc3 $2 {[#]} (28. f4 Rxg2+ {[%mdl 64] Decoy} 29. Kxg2 Qg4+ 30. Kh1 Qf3+ 31. Kg1 Bxf4 32. Re1 Bxc1 33. Rxc1) 28... Qg4 $1 {[%mdl 576] Double Attack. Av CentiPawn Loss W=-66/B=-11. Weighted=-141/-12} 0-1

[Event "GER-ch Youth U14 2020"]
[Site "Willingen"]
[Date "2020.10.21"]
[Round "2.6"]
[White "Laux, Dominik"]
[Black "Raasch, Hauke"]
[Result "1-0"]
[WhiteElo "2009"]
[BlackElo "1676"]
[Annotator "TA"]
[PlyCount "53"]
[EventDate "2020.10.20"]
[EventType "swiss"]
[EventRounds "7"]
[EventCountry "GER"]
[SourceTitle "playchess.com"]
[Source "ChessBase"]
[SourceQuality "1"]

{[%evp 9,53,19,18,23,51,46,41,46,53,33,57,51,57,28,196,190,235,220,232,205,236,214,209,64,333,268,261,250,393,390,408,391,566,380,542,454,687,680,643,645,29993,29994,29994,29995,29995,29996]} 1. d4 Nf6 2. Bg5 Ne4 3. Bf4 e6 4. e3 d5 5. Bd3 Bd6 6. Ne2 {A45: Trompowsky Attack.} f5 7. O-O O-O 8. c4 {White is slightly better.} c6 9. Nbc3 {[#]} g5 $146 ({Predecessor:} 9... Bxf4 10. Nxf4 Qd6 11. cxd5 exd5 12. Rb1 Rf6 13. Nxe4 fxe4 14. Be2 Rh6 15. b4 Nd7 {0-1 (29) Lin,Z (1900)-Oliver,G (2005) Australia 2006}) 10. Bxd6 Qxd6 11. f4 Nd7 $2 {[#]} (11... g4 $11 {and Black stays safe.}) 12. Bxe4 $18 fxe4 13. fxg5 Qe7 14. Nf4 Nb6 15. Qh5 {[#] Ng6! is the strong threat.} Rf5 16. h4 (16. cxd5 $18 exd5 17. h4) 16... Qf7 $2 {[%mdl 8192]} ({Better is} 16... e5 $14) 17. Qxf7+ Rxf7 18. b3 {[%cal Bb2b3,Bb3b4,Bb4c5][%mdl 32]} Bd7 (18... dxc4 {was necessary.} 19. Nxe4 cxb3 20. axb3 Nd5) 19. c5 Nc8 20. Nh5 b6 (20... Ne7 $142 21. Nf6+ Rxf6) 21. b4 bxc5 (21... Ne7 $142 22. Nf6+ Rxf6) 22. bxc5 Rb8 (22... Ne7 $142 23. Nf6+ Rxf6) 23. Rxf7 Kxf7 24. Rf1+ Kg6 25. g4 {[%csl Gg5,Gh5][%cal Rf1f6] White mates.} h6 26. Rf6+ Kh7 27. Rf7+ {Av CentiPawn Loss W=-28/B=-121. Weighted=-30/-99} 1-0

[Event "GER-ch Youth U14 2020"]
[Site "Willingen"]
[Date "2020.10.21"]
[Round "2.7"]
[White "Farokhi, Keyvan"]
[Black "Kageler, Anton Paul"]
[Result "1-0"]
[WhiteElo "2001"]
[BlackElo "1664"]
[Annotator "TA"]
[PlyCount "57"]
[EventDate "2020.10.20"]
[EventType "swiss"]
[EventRounds "7"]
[EventCountry "GER"]
[SourceTitle "playchess.com"]
[Source "ChessBase"]
[SourceQuality "1"]

{[%evp 9,57,-5,37,20,25,27,35,26,12,0,34,48,47,35,73,64,127,116,191,139,135,132,152,120,281,128,224,200,212,174,199,199,233,231,890,878,1410,88,83,0,1389,1419,5082,5082,29970,5589,5593,3200,3200,2924]} 1. d4 Nf6 2. Bf4 g6 3. Nc3 d5 4. e3 Bg7 5. h4 O-O 6. h5 {A45: Trompowsky Attack.} c5 7. hxg6 hxg6 8. Qd2 {White is slightly better.} Nc6 9. dxc5 e5 {[#]} 10. Bg5 $146 ({Predecessor:} 10. Bh6 Bxh6 11. Rxh6 d4 12. Nb5 dxe3 13. Qxe3 Ng4 14. Qh3 Nxh6 15. Qxh6 Nb4 16. Rc1 Bf5 17. Nd6 Nxc2+ 18. Kd2 Qa5+ 19. Kd1 Qe1# {0-1 (19) Berzinsh,R (2386)-Shyam,S (2520) Riga 2019}) 10... d4 11. Bxf6 $1 Bxf6 12. Ne4 dxe3 (12... Bg7 $14) 13. Qxe3 $16 Bg7 (13... Bf5 $16) 14. Bc4 (14. c3 $18) 14... Na5 15. Bd3 Be6 16. O-O-O {[%cal Ba1d1,Bd1d6,Bd6f6,Bf6f7][%mdl 32]} Qc7 $2 (16... Qe7 $16) 17. Ng5 (17. Nh3 $18 {has better winning chances.}) 17... Rfe8 (17... Bxa2 $16 18. Ne2 (18. Qh3 Rfc8 $11) 18... e4 19. Nxe4 Be6) 18. Bb5 $18 Nc6 19. Nxe6 Rxe6 20. Bc4 $1 {[%cal Rc4e6]} Ree8 21. Rd6 {Black must now prevent Rxg6.} Ne7 $2 (21... Kf8 22. Nf3 Red8) 22. Qf3 {[%csl Gc4][%cal Rf3f7]} Rf8 {[#]} 23. Qh3 $2 (23. Rf6 $1 $18 {[%mdl 512] and the rest is easy.} Qa5 {[#]} (23... Bxf6 24. Qxf6) 24. c3 $1 {[%mdl 512]} Bh6+ 25. Rxh6) 23... Rfd8 $16 24. Qf3 $2 $40 {[%mdl 8320] White has some attack.} ({And not} 24. Rf6 Nd5 $17) (24. Qb3 $16 Rxd6 25. cxd6 (25. Bxf7+ Kf8 $16) 25... Qxd6 26. Bxf7+ Kf8 27. Bc4) 24... Rf8 $1 $18 {[#]} 25. Rf6 $1 {[%mdl 512]} Qxc5 {[#]} (25... Bxf6 26. Qxf6) 26. Qh3 $1 {[%csl Gh1][%cal Rh3h7][%mdl 512]} Rfc8 27. Qh7+ Kf8 28. Rxf7+ {[%mdl 64] Double Attack} Ke8 29. Qxg7 {Av CentiPawn Loss W=-96/B=-206. Weighted=33/-259} 1-0

[Event "GER-ch Youth U14 2020"]
[Site "Willingen"]
[Date "2020.10.21"]
[Round "2.8"]
[White "Schwartz, Oliver"]
[Black "Halabi, Ibrahim"]
[Result "0-1"]
[WhiteElo "1794"]
[BlackElo "1895"]
[Annotator "NA RC"]
[PlyCount "80"]
[EventDate "2020.10.20"]
[EventType "swiss"]
[EventRounds "7"]
[EventCountry "GER"]
[SourceTitle "playchess.com"]
[Source "ChessBase"]
[SourceQuality "1"]
[TimeControl "40/5400+30:1800+30"]

1. e4 {[%emt 0:00:00]} c5 {[%emt 0:00:00]} 2. Nf3 {[%emt 0:00:00]} d6 {[%emt 0:00:00]} 3. d4 {[%emt 0:00:00]} cxd4 {[%emt 0:00:00]} 4. Nxd4 {[%emt 0:00:00]} Nf6 {[%emt 0:00:00]} 5. Nc3 {[%emt 0:00:02]} a6 {[%emt 0:00:00]} 6. f3 {[%emt 0:00:07]} e5 {[%emt 0:00:00]} 7. Nb3 {[%emt 0:00:07]} Be6 {[%emt 0:00:05]} 8. Be3 {[%emt 0:00:07]} Be7 {[%emt 0:00:06]} 9. Qd2 {[%emt 0:00:07]} O-O {[%emt 0:00:08]} 10. O-O-O {[%emt 0:00:09]} Nbd7 {[%emt 0:01:04]} 11. g4 {[%emt 0:00:12]} b5 {[%emt 0:00:06]} 12. g5 {[%emt 0:00:06]} b4 {[%emt 0:00:05]} 13. gxf6 {[%emt 0:00:06]} bxc3 {[%emt 0:00:11]} 14. Qxc3 {[%emt 0:00:05]} Nxf6 {[%emt 0:00:08]} 15. Na5 {[%emt 0:00:09]} Qd7 {[%emt 0:00:21]} 16. Qc6 {[%emt 0:01:22]} Rfc8 {[%emt 0:00:35]} ({Not} 16... Bxa2 $2 17. b3 $18) 17. Qxd7 {[%emt 0:00:35]} Nxd7 {[%emt 0:00:07]} 18. b3 {[%emt 0:03:07]} Rc3 {[%emt 0:01:42]} 19. Kd2 {[%emt 0:18:10]} Rcc8 {[%emt 0:08:27]} 20. c4 {[%emt 0:22:17] [#]} (20. Be2 $11 {keeps the balance.}) 20... Nc5 {[%emt 0:14:07]} (20... Rab8 $1 $17 21. Ke1 Bd8) 21. Kc2 {[%emt 0:06:00]} Bd8 {[%emt 0:04:06]} 22. Bd2 {[%emt 0:01:29]} f5 {[%emt 0:02:09]} 23. Bh3 {[%emt 0:12:27]} fxe4 {[%emt 0:02:00]} 24. Bxe6+ {[%emt 0:00:15]} Nxe6 {[%emt 0:00:08]} 25. fxe4 {[%emt 0:00:15]} Nd4+ {[%emt 0:08:14]} 26. Kb2 {[%emt 0:04:04]} Rab8 {[%emt 0:01:03]} 27. Rc1 $2 {[%emt 0:02:25]} (27. Ka3 $1 $11) 27... Rc5 {[%emt 0:04:08]} 28. Ka3 {[%emt 0:03:43]} Bxa5 {[%emt 0:03:37]} 29. b4 {[%emt 0:00:20]} Nc6 {[%emt 0:08:10]} (29... Bb6 $142 30. bxc5 Bxc5+ 31. Ka4 {[#]} Rb2 $1 {[%mdl 576] Double Attack}) 30. bxa5 {[%emt 0:07:20]} Nxa5 {[%emt 0:02:10]} 31. Bb4 {[%emt 0:01:25]} Nxc4+ {[%emt 0:00:16]} 32. Ka4 $2 {[%emt 0:02:02]} (32. Kb3 Nb2 33. a3) 32... Nb2+ {[%emt 0:02:18]} 33. Ka3 {[%emt 0:00:21]} Rxb4 {[%emt 0:00:53]} 34. Rb1 {[%emt 0:02:21]} Rxe4 {[%emt 0:02:15]} (34... Rb7 $142 35. Rxb2 Ra5#) 35. Rxb2 $19 {[%emt 0:00:56]} Ra5+ {[%emt 0:00:27]} 36. Kb3 {[%emt 0:00:17]} Rb5+ {[%emt 0:00:17]} 37. Ka3 {[%emt 0:00:16]} Re3+ {[%emt 0:00:40]} 38. Rb3 {[%emt 0:00:06]} Rexb3+ {[%emt 0:00:33]} 39. axb3 {[%emt 0:00:08]} e4 {[%emt 0:00:16]} 40. Rf1 {[%emt 0:00:48]} Re5 {[%emt 0:01:34]} 0-1